<?xml version="1.0" encoding="UTF-8"?><?xml-stylesheet type="text/xsl" href="static/style.xsl"?><OAI-PMH xmlns="http://www.openarchives.org/OAI/2.0/" xmlns:xsi="http://www.w3.org/2001/XMLSchema-instance" xsi:schemaLocation="http://www.openarchives.org/OAI/2.0/ http://www.openarchives.org/OAI/2.0/OAI-PMH.xsd"><responseDate>2026-04-29T01:00:03Z</responseDate><request verb="GetRecord" identifier="oai:repisalud.isciii.es:20.500.12105/6731" metadataPrefix="marc">https://repisalud.isciii.es/rest/oai/request</request><GetRecord><record><header><identifier>oai:repisalud.isciii.es:20.500.12105/6731</identifier><datestamp>2024-09-27T08:40:51Z</datestamp><setSpec>com_20.500.12105_19604</setSpec><setSpec>com_20.500.12105_2051</setSpec><setSpec>col_20.500.12105_19605</setSpec></header><metadata><record xmlns="http://www.loc.gov/MARC21/slim" xmlns:dcterms="http://purl.org/dc/terms/" xmlns:doc="http://www.lyncode.com/xoai" xmlns:xsi="http://www.w3.org/2001/XMLSchema-instance" xsi:schemaLocation="http://www.loc.gov/MARC21/slim http://www.loc.gov/standards/marcxml/schema/MARC21slim.xsd">
   <leader>00925njm 22002777a 4500</leader>
   <datafield ind2=" " ind1=" " tag="042">
      <subfield code="a">dc</subfield>
   </datafield>
   <datafield ind2=" " ind1=" " tag="720">
      <subfield code="a">Moreno Vicente, Roberto</subfield>
      <subfield code="e">author</subfield>
   </datafield>
   <datafield ind2=" " ind1=" " tag="260">
      <subfield code="c">2018-11-19</subfield>
   </datafield>
   <datafield ind2=" " ind1=" " tag="520">
      <subfield code="a">Caveolina-1 (CAV1) es una proteína integral de la membrana plasmática que participa&#xd;
en procesos de endocitosis, modula diferentes vías de señalización celular y participa&#xd;
activamente en la mecanotransducción de señales. CAV1 y caveolas son capaces de responder&#xd;
a diferentes estímulos mecánicos, cómo son el estiramiento, las fuerzas de cizallamiento&#xd;
ejercidas por fluidos sobre la superficie de la célula, o la perdida de adhesión celular. En esta&#xd;
Tesis Doctoral se ha caracterizado la modulación por parte de CAV1 de la respuesta a un&#xd;
estímulo mecánico diferente: la rigidez sustrato extracelular. El regulador transcripcional YAP&#xd;
regula importantes funciones celulares, como proliferación, apoptosis y diferenciación,&#xd;
determinando la homeostasis de tejidos, el control del crecimiento de los órganos y la&#xd;
tumorogénesis. Los estímulos mecánicos controlan la actividad de YAP mediante mecanismos&#xd;
que no están completamente caracterizados todavía. Los resultados presentados en este trabajo&#xd;
indican que CAV1 regula positivamente la actividad de YAP en respuesta a cambios en la rigidez&#xd;
de la matriz extracelular (MEC). Esta regulación de YAP por parte de CAV1 es dependiente de la&#xd;
modulación de la dinámica del citoesqueleto de actina, siendo la actividad de Rho necesaria,&#xd;
pero no suficiente para explicar las diferencias observadas. En el control del eje CAV1-YAP, la&#xd;
fosforilación inhibitoria de YAP tiene un papel determinante, observándose una fosforilación&#xd;
mayor en células que no expresan CAV1, y un rescate de la actividad de YAP al sobreexpresar en&#xd;
estas células un mutante de YAP no fosforilable. Sin embargo, la regulación CAV1-dependiente&#xd;
de YAP no opera a través de quinasas canónicas de la vía Hippo. Estudios de espectrometría de&#xd;
masas para la identificación sistemática de los componentes del interactoma de YAP, y su&#xd;
caracterización funcional posterior, sugieren que la regulación de la actividad de YAP&#xd;
dependiente de CAV1 y actina es ejercida a través de la modulación de la interacción de YAP con&#xd;
la proteína con domino 14-3-3 YWHAH. El silenciamiento de Ywhah rescata el defecto en la&#xd;
actividad de YAP en células sin CAV1. La activación constitutiva de YAP en células sin CAV1 rescata fenotipos asociados a la perdida de Cav1, incluyendo el remodelado de la MEC. El control&#xd;
de YAP mediado por CAV1 se ha validado también en un modelo in vivo de metaplasia acinoductal&#xd;
inducido por pancreatitis. En conjunto, los datos presentados en esta Tesis Doctoral&#xd;
apoyan la existencia y relevancia funcional de un nuevo eje de mecanotransducción a través del&#xd;
control de la actividad de YAP por CAV1 con implicaciones potenciales en procesos fisiológicos&#xd;
y patológicos.</subfield>
   </datafield>
   <datafield ind1="8" ind2=" " tag="024">
      <subfield code="a">http://hdl.handle.net/20.500.12105/6731</subfield>
   </datafield>
   <datafield ind1="8" ind2=" " tag="024">
      <subfield code="a">10.4321/repisalud.6731</subfield>
   </datafield>
   <datafield tag="653" ind2=" " ind1=" ">
      <subfield code="a">caveolin-1</subfield>
   </datafield>
   <datafield tag="653" ind2=" " ind1=" ">
      <subfield code="a">YAP</subfield>
   </datafield>
   <datafield tag="653" ind2=" " ind1=" ">
      <subfield code="a">mechanotransduction</subfield>
   </datafield>
   <datafield tag="653" ind2=" " ind1=" ">
      <subfield code="a">cytoskeleton</subfield>
   </datafield>
   <datafield ind2="0" ind1="0" tag="245">
      <subfield code="a">Implicación de Caveolina-1 en procesos de mecanotransducción: modulación de la respuesta a cambios en la rigidez de la matriz extracelular a través del control de la actividad</subfield>
   </datafield>
</record></metadata></record></GetRecord></OAI-PMH>